000
00194 a2200097 4500
001
1526
100
_a
Rolfe, D.
245
_a
Airplanes of the world
260
_a
_b
Simon
_c
090
_c
1067
_d
1067
942
_a
NUST-CAE
_c
M
_c
747
999
_c
236599
_d
236599